¿Anticipantes del TLC?: amagos contra las refinerías mexicanas /
Guardado en:
| 主要作者: | |
|---|---|
| 格式: | Texto |
| 主題: | |
| 標簽: |
添加標簽
沒有標簽, 成為第一個標記此記錄!
|
MARC
| LEADER | 00000 a a2200000 04500 | ||
|---|---|---|---|
| 001 | 45971 | ||
| 003 | |||
| 040 | |||
| 100 | |a Barbosa Cano, Fabio | ||
| 245 | |a ¿Anticipantes del TLC?: |b amagos contra las refinerías mexicanas / |c Fabio Barbosa Cano | ||
| 650 | |a MEXICO | ||
| 650 | |a ECONOMIA | ||
| 650 | |a TLC | ||
| 650 | |a TRATADO DE LIBRE COMERCIO | ||
| 773 | |g número56 (1991), páginas 2 | ||
| 999 | |c 17856 |d 17856 | ||
| 773 | 0 | |0 18904 |9 5873 |a Universidad Nacional Autónoma de México. |d México D.F. Universidad Nacional Autónoma de México. Instituto de Investigaciones Económicas |o 15255 |t Momento económico: |x 0186-2901 | |
